[Event "LUX-chABC"]
[Site "Dudelange"]
[Date "1997.03.29"]
[Round "1.17"]
[White "Weber, Laurent"]
[Black "Baskewitsch, Pierre"]
[Result "1-0"]
[WhiteElo "1620"]
[BlackElo "2025"]
[PlyCount "103"]
[EventDate "1997.03.29"]
[EventType "swiss"]
[EventRounds "9"]
[EventCountry "LUX"]
[SourceTitle "EXT 2013"]
[Source "ChessBase"]
[SourceDate "2012.11.22"]
[SourceVersion "1"]
[SourceVersionDate "2012.11.22"]
[SourceQuality "1"]

1. e4 Nf6 2. Nc3 d5 3. exd5 Nxd5 4. Nxd5 Qxd5 5. d4 Nc6 6. Be3 Bf5 7. c3 0-0-0 8. Nf3 f6 9. Be2 g5 10. 0-0 e6 11. b4 g4 12. Nh4 h5 13. Nxf5 exf5 14. g3 h4 15. Qe1 hxg3 16. fxg3 Bd6 17. Qf2 Rh5 18. a3 Qe4 19. Ra2 Ne7 20. c4 Rh3 21. Bf4 Bxf4 22. Qxf4 Qxd4+ 23. Qxd4 Rxd4 24. c5 c6 25. Re1 Ng6 26. Bf1 Rh8 27. Rf2 Ne5 28. Be2 Rd2 29. Rxf5 Rh6 30. Rf2 Kc7 31. Kg2 Ra2 32. Ref1 Rxa3 33. Rxf6 Rxf6 34. Rxf6 Ra2 35. Kf1 a5 36. Rf5 axb4 37. Rxe5 b3 38. Bd3 b2 39. Bb1 Ra1 40. Re1 b6 41. cxb6+ Kxb6 42. Ke2 Ra4 43. Kd2 c5 44. Kc2 Rb4 45. Re2 Kc6 46. Kc3 Kd5 47. Rxb2 Rc4+ 48. Kd2 Ke5 49. Bd3 Ra4 50. Rc2 Kd4 51. Bf1 c4 52. Rxc4+ 1-0